Welcome to CU Library Online Public Access Catalogue (OPAC)

A GEOGRAPHY OF GHANA (Record no. 5962)

MARC details
000 -LEADER
fixed length control field 00365nam a22001337a 4500
005 - DATE AND TIME OF LATEST TRANSACTION
control field 20250526150205.0
008 - FIXED-LENGTH DATA ELEMENTS--GENERAL INFORMATION
fixed length control field 250526b |||||||| |||| 00| 0 eng d
050 ## - LIBRARY OF CONGRESS CALL NUMBER
Classification number DT 510
Item number .B6
100 ## - MAIN ENTRY--PERSONAL NAME
Personal name BOATENG, E. A
245 ## - TITLE STATEMENT
Title A GEOGRAPHY OF GHANA
Statement of responsibility, etc. E. A. BOATENG
260 ## - PUBLICATION, DISTRIBUTION, ETC.
Place of publication, distribution, etc. LONDON
Name of publisher, distributor, etc. CAMBRIDGE UNIVERSITY PRESS
Date of publication, distribution, etc. c1960
300 ## - PHYSICAL DESCRIPTION
Extent xvi,; 203p;.
Other physical details ills
942 ## - ADDED ENTRY ELEMENTS (KOHA)
Source of classification or shelving scheme Library of Congress Classification
Koha item type Books
Suppress in OPAC No
999 ## -
-- 5962
-- 5962
Holdings
Withdrawn status Lost status Source of classification or shelving scheme Damaged status Not for loan Collection Home library Current library Shelving location Date acquired Total checkouts Full call number Barcode Date last seen Copy number Price effective from Koha item type
    Library of Congress Classification     Non-fiction Undergraduate Library (Christ Temple) Undergraduate Library (Christ Temple) General stacks 05/26/2025   DT 510.86 BOA ulct00002656 05/26/2025 1 05/26/2025 Books
© 2023-2024 Copyright: Central University Libraries. All Rights Reserved | Created by: Mahone Tech Office